| 000 | 01263nam a2200277Ia 4500 | ||
|---|---|---|---|
| 003 | OSt | ||
| 005 | 20200826132656.0 | ||
| 008 | 191128s1995 ck gr 000 0 spa d | ||
| 020 | _a9581801227 | ||
| 040 |
_aCo-JMCR _cCo-JMCR |
||
| 041 | 0 | _aspa | |
| 082 | 0 | 4 |
_a370.115 / _bM678c _223 |
| 110 | 1 |
_aMisión Ciencia, Educación y Desarrollo (Colombia) _99244 |
|
| 245 | 1 | 0 |
_aCreatividad, Formación e Investigación : _bfuentes Complementarias I / _cMisión Ciencia, Educación y Desarrollo ; Graciela Aldana Conde, Graciela Amaya de Ochoa, [y otros 8] |
| 250 | _aPrimera edición | ||
| 260 |
_aBogotá : _bPresidencia de la República, _c1995. |
||
| 300 |
_a652 páginas ; _c24 cm. |
||
| 490 | 0 | _aColección documentos de la misión | |
| 505 | 0 | _aItinerario de la creatividad su operacionalización, detección y cultivo / Graciela Aldena de Conde -- La escuela, el maestro y su formación / Graciela Amaya de Ochoa -- Creatividad y maestros | |
| 650 | 2 | 4 |
_aFormación profesional de maestros _zColombia _99271 |
| 650 | 2 | 4 |
_aDesarrollo científico y tecnológico _zColombia _99272 |
| 651 |
_2Aptitud creadora _aColombia _99273 |
||
| 700 | 1 |
_aAldana Conde, Graciela, _ecoautor _99274 |
|
| 700 | 1 |
_aAmaya de Ochoa, Graciela, _ecoautora _99275 |
|
| 942 |
_2ddc _cBK |
||
| 999 |
_c6072 _d6072 |
||